00171nam a2200073 4500020001800000245003600018260003500054300000800089 a9780618250035 aMc Dougal Littell Pre - Algebra aBostonbMcdougal Littellc2005 a880